00450cam a22001572 4500001001100000005001700011008004100028040001500069100003700084245007200121250001300193260002900206300001500235650003900250852000300289000002425020151217152258.0130621s xx 000 0 eng d aKABUcKABU1 aTiwari, Purushotham.@000018421010aInformation technology and library evolution /cPurushotham Tiwari. a1st ed. aNew Delhi :bAPH,c2010. av, 271 p. 0aLibrariesxAutomation.@00001566281